Vplyv podcastov na temný cestovný ruch diplomová práca

Gespeichert in:
Bibliographische Detailangaben
1. Verfasser: Repčiak, Jakub
Körperschaft: Obchodná fakulta EU. Katedra cestovného ruchu
Weitere Verfasser: Fodranová, Iveta, 1959-
Format: Buch
Sprache:Slowakisch
Veröffentlicht: Bratislava 2025
Tags: Tag hinzufügen
Keine Tags, Fügen Sie das erste Tag hinzu!

MARC

LEADER 00000nbm a2200000 4500
001 0310128
005 20251118115137.5
041 0 |a slo 
044 |a SK 
245 1 0 |a Vplyv podcastov na temný cestovný ruch  |b diplomová práca  |c Jakub Repčiak ; školiteľ: Iveta Fodranová 
264 1 |a Bratislava  |c 2025 
300 |a 79 s. 
100 1 |a Repčiak, Jakub 
700 1 |a Fodranová, Iveta, 1959- 
710 2 |a Obchodná fakulta EU. Katedra cestovného ruchu